书目信息 |
| 题名: |
当代管理精要
|
|
| 作者: | 琼斯, , 琼斯 编 | |
| 分册: | ||
| 出版信息: | 北京 清华大学出版社 2004.11 |
|
| 页数: | 445页 | |
| 开本: | 26cm | |
| 丛书名: | ||
| 单 册: | ||
| 中图分类: | C93 | |
| 科图分类: | ||
| 主题词: | 管理学--高等学校--教材 | |
| 电子资源: | ||
| ISBN: | 7-302-09799-2 | |
| 000 | 01098nam0 2200289 450 | |
| 001 | 0140106135 | |
| 005 | 20050523165204.35 | |
| 010 | @a7-302-09799-2@dCNY42.00 | |
| 100 | @a20050316d2004 km y0chiy0120 ea | |
| 101 | 0 | @aeng |
| 102 | @aCN@b110000 | |
| 105 | @ay z 000yy | |
| 200 | 1 | @a当代管理精要@Adang dai guan li jing yao@f(美)琼斯(Jones,G)等编@F(mei)qiong si(Jones,G)deng bian |
| 205 | @a英文本 | |
| 210 | @a北京@c清华大学出版社@d2004.11 | |
| 215 | @a445页@d26cm | |
| 300 | @a美国麦格劳-希尔教育出版公司工商管理最新教材 | |
| 304 | @a英文题名:Essentials of Contemporary Management | |
| 306 | @a本书与美国麦格劳-希尔教育出版(亚洲)公司合作出版 | |
| 330 | @a本书遵循了管理学类教材传统的理论系统,即从管理的基本概念入手,然后分析管理的环境,最后按照管理的主要职能、计划与决策、组织、领导、控制来展开阐述。 | |
| 510 | 1 | @aEssentials of Contemporary Management@zeng |
| 606 | 0 | @a管理学@x高等学校@x教材 |
| 690 | @aC93@v4 | |
| 701 | 1 | @a琼斯,@Aqiong si,@b G.R.@g(Jones, Gareth R.)@4编 |
| 701 | 0 | @a琼斯@Aqiong si@bJones,G@4编 |
| 801 | 0 | @aCN@bQSSK@c20050523 |
| 905 | @dC93@eQ694 | |
| 当代管理精要/(美)琼斯(Jones,G)等编.-英文本.-北京:清华大学出版社,2004.11 |
| 445页;26cm |
| 美国麦格劳-希尔教育出版公司工商管理最新教材 |
| ISBN 7-302-09799-2:CNY42.00 |
| 本书遵循了管理学类教材传统的理论系统,即从管理的基本概念入手,然后分析管理的环境,最后按照管理的主要职能、计划与决策、组织、领导、控制来展开阐述。 |
| ● |
| 相关链接 |
|
|
|
正题名:当代管理精要
索取号:C93/Q694
 
预约/预借
| 序号 | 登录号 | 条形码 | 馆藏地/架位号 | 状态 | 备注 |
| 1 | 498359 | 204983599 | 社科库509/509社科库 63排6列2层/ [索取号:C93/Q694] | 在馆 | |
| 2 | 498360 | 204983606 | 社科库509/509社科库 63排6列2层/ [索取号:C93/Q694] | 在馆 | |
| 3 | 498361 | 204983615 | 社科库509/509社科库 63排6列2层/ [索取号:C93/Q694] | 在馆 |